| 000 | 00433 a2200157 4500 | ||
|---|---|---|---|
| 003 | Nust | ||
| 005 | 20170207153154.0 | ||
| 040 | _cNust | ||
| 082 | _a005.8 | ||
| 100 | _aZia, Saba MSIS | ||
| 245 |
_aPerformance comparison and evaluation of 802.011 A and its implementation in reconfigrable environment _cSaba Zia MSIS |
||
| 260 |
_bMCS _cJuly, 2009 |
||
| 300 | _a82 p. | ||
| 538 | _a Almirah No.70 Shelf No.1 | ||
| 650 | _aMSIS Thesis | ||
| 942 | _cTHS | ||
| 999 |
_c180665 _d180665 |
||